000 01153nam a2200289 i 4500
003 EG-GICUC
005 20260121101330.0
008 251122s1940 iq ||||fr|||| 00| 0 ara d
040 _a EG-GICUC
_bara
_c EG-GICUC
_d EG-GICUC
_erda
041 0 _aara
082 0 4 _221
_a345
_bع ث . ق
092 0 4 _221
099 _aLaw1 07 345 ع ث . ق 1940
100 0 _aعثمان خليل عثمان
_eمؤلف.
245 1 2 _aالقانون الإداري :
_bمذكرات لطلبة للصف الثاني بكلية الحقوق العراقية /
_cدكتور عثمان خليل عثمان.
264 3 _aبغداد :
_bمطبعة الأهالي،
_c1940.
300 _a624 ؛صفحة
_c24 سم.
336 _2rda content
_atext
337 _2rda media
_aComputer
338 _2rda carrier
_aOnline Resource
504 _a. 240-220 ببليوجرافيا: صفحات.
546 _aالنص أغلبه باللغة العربية بعض النصوص الإنجليزية والفرنسية
650 1 _aالقانون الإداري
856 4 0 _uhttps://fll.law.cu.edu.eg/fulltext/bks/B07-00708.pdf
905 _a32
_eYara
942 _2ddc
_cBK
_e21
_n0
999 _c45252
_d45252